Malaysia's new economic policy

Bibliographic Details
Main Author: Ahmad Idriss
Format: Book
Published: Petaling Jaya : Pelanduk Publcations(M) Sdn Bhd , 1990
Subjects:

MARC

LEADER 00000cam a2200000 7i4500
001 0000004642
002 000005006
005 20000330.0
020 |a 9679783340 
090 0 0 |a 338.9595   |b AHM 
100 0 |a Ahmad Idriss   |f Dr 
245 1 0 |a Malaysia's new economic policy   |c Dr. Ahmad Idriss 
260 |a Petaling Jaya :   |b Pelanduk Publcations(M) Sdn Bhd ,   |c 1990 
300 |a 212p. ;   |c 24cm. 
650 0 0 |a Dasar Ekonomi Baru 
651 0 |a Malaysia   |x Economic conditions 
651 0 |a Malaysia   |x Economic policy 
999 |a 00069877   |b BUKU   |c MALAYSIANA   |e PERPUSTAKAAN KOMUNITI PETALING JAYA 
999 |a 033820   |b BUKU   |c PINJAMAN   |e PERPUSTAKAAN KOMUNITI PETALING JAYA 
999 |a 033821   |b BUKU   |c PINJAMAN   |e PERPUSTAKAAN KOMUNITI PETALING JAYA 
999 |a 033822   |b BUKU   |c PINJAMAN   |e PERPUSTAKAAN KOMUNITI PETALING JAYA